000 00312nam a22001337a 4500
008 170904b xxu||||| |||| 00| 0 eng d
020 _a9780697813701
041 _aeng
080 _a070
100 _a40
101 _aMED
245 _aCOMMUNICATION IN AN INFORMATION SOCIETY
_cWADLEIGH,P.M
942 _2udc
_cBK
999 _c25915
_d25915